000 00461nam a2200181Ia 4500
001 20182
005 20260306172747.0
008 260306t2009||||xx |||||||||||||| ||spa||
041 _aESP
082 _a342.812
_bR75
100 _aRodríguez Fernández, Maximiliano
_eAUT
245 0 _aIntroducción al derecho comercial internacional
260 _c2009
300 _a512 páginas :
_c21cm.
650 _aGEN
654 _aCDE
942 _cLIB
_dJUS
_fJUS
_2ddc
_n
999 _c20182
_d20182